000 01094nam a2200253Ia 4500
008 191130s2000##################000#0#eng##
020 _a9780792379003
022 _a31339
040 _aACL
_cACL
082 _a621.382 MOR
245 _aWireless communication technologies : new multimedia systems
_cedited by Norihiko Morinaga, Ryuji Kohno, Seiichi Sampei
260 _aDordrecht ; Boston
_bKluwer Academic Publishers
_c2000
300 _axi, 326 p. : ill. ; 25 cm
500 _aBased on the 10th International Symposium on Personal, Indoor, and Mobile Radio Communications (PIMRC'99) which was held in Osaka, Japan during the 12-15 of September 1999. Includes bibliographical references and index
650 _aMultimedia systems
650 _aWireless communication systems
700 _aKohno, Ryuji
700 _aMorinaga, Norihiko
700 _aSampei, Seiichi
710 _aIEEE International Symposium on Personal, Indoor, and Mobile Radio Communications (10th : 1999 : Osaka, Japan)
990 _a478bf69bac10000c05bcf8cc6f64f7de
991 _a162178
999 _c97316
_d97316